| 000 | 01020nam a2200265 a 4500 | ||
|---|---|---|---|
| 003 | CBULib | ||
| 005 | 20240813075258.0 | ||
| 008 | 100125s2004 ||||||||||||||||| || u | ||
| 020 | _a9211126088 | ||
| 040 |
_aCULib _bEnglish _cCBULib _erda |
||
| 041 | _aeng | ||
| 050 | _aUNCTAD(058)TER/2003 | ||
| 110 | _aUnited Nations Conference on Trade and Development (UNCTAD) | ||
| 245 | 1 | 0 |
_aTrade and environment review 2003 _c/ by United Nations Conference on Trade and Development (UNCTAD) |
| 260 |
_aNew York : _bUnited Nations, _c2004 |
||
| 300 | _axii, 158 pages : illustrations | ||
| 336 |
_2rdacontent _aText | _btxt |
||
| 337 |
_2rdamedia _aUnmediated | _bn |
||
| 338 |
_2rdacarrier _aVolume _bnc |
||
| 500 | _aenvironmental requirements and market access for Developing Countries:developing pro-active approaches and strategies | ||
| 650 | _aTRADE LIBERALIZATION | ||
| 650 | 0 | _aECONOMIC DEVELOPMENT--ENVIRONMENTAL ASPECTS | |
| 942 |
_2mc _c029 |
||
| 999 |
_c60132 _d60132 |
||